000 00600nam a2200193Ia 4500
003 IN-BaIIA
008 211028s9999 xx 000 0 eng d
040 _cIIA Library
080 _a083.7:69.021.15
_bISI
110 _aIndian Standards Institution
245 0 _aIndian standard code of practice for structural of buildings
_bfoundations
_cIndian Standards Institution
260 _aNew Delhi
_bIndian Standards Institution
_c1967
300 _a26p.
500 _aIS 1904 : 1966
650 _a Foundation Engineering
_98812
650 _a Standards 
650 _aNASA Thesaurus 
942 _cBK
999 _c4917
_d4917